000 00761cab a22002175a 4500
001 L154197
008 111031e20111022xxk 000 0 eng d
035 _a(Sirsi) u154197
041 0 _aeng
100 1 _aSimmons, Mark
245 0 0 _aTough times bite
260 _c2011
490 _aEstates Gazette
_v(1142) 22 October 2011, 72-81(8)
520 _aFeatures new ways of working for regional office agents. Includes a profile of Instant Offices which provides flexible office space, and looks at the problems of converting offices into residential property.
590 _aKA
651 4 _aUnited Kingdom
690 _aPROPERTY-COMMERCIAL PROPERTY-COMMERCIAL PROPERTY MARKET
700 1 _aPio Kivlehan, Noella
700 1 _aHarris, David
942 _n0
999 _c83526
_d83526